000 00712nam a2200289Ia 4500
005 20260324121949.0
008 008 260324s9999 xx 000 0 eng d
020 _a9780429086984
037 _aEBOOK
040 _aCRL
040 _beng
040 _cCRL
041 _2eng
041 _aeng
084 _qCRL
100 _aZhi-Guo Su; Guanghui Ma
_91164573
245 0 _aMicrospheres and Microcapsules in Biotechnology
245 0 _bDesign, Preparation and Applications
260 _bTaylor and Francis
260 _c2013
365 _a
365 _b420
856 _uhttp://www.taylorfrancis.com/books/9780429086984
942 _cEBOOK
999 _c1756983
_d1756983